000 00471nam a2200181Ia 4500
005 20250508152136.0
008 008 250505s9999 xx 000 0 eng d
037 _aTextual
040 _aFEDL
_beng
_cFEDL
041 _aeng
_2eng
084 _a539.76, ASI
_qFEDL
100 _aAsimov Isaac
245 0 _aOnly a trillion
260 _aLondon, UK
_bAbelard-Schuman
_c1957
300 _a195p.
942 _cTEXL
_h539.76, ASI
999 _c1334538
_d1334538